Guide to the museums of Paris and suburbs: departments of Paris, Hauts-de-Seine, Seine-Saint-Denis, Val-de-Marne
שמור ב:
| פורמט: | ספר |
|---|---|
| שפה: | אנגלית |
| יצא לאור: |
París
Hachette
1979
|
| מהדורה: | 1a. ed |
| סדרה: | Les Guides Bleus
|
| נושאים: | |
| תגים: |
הוספת תג
אין תגיות, היה/י הראשונ/ה לתייג את הרשומה!
|
MARC
| LEADER | 00000cam a2200000 a 4500 | ||
|---|---|---|---|
| 001 | UCE4653 | ||
| 003 | CL-VaPUC | ||
| 008 | 141107e19790000fr |||||||||||||||||eng|d | ||
| 082 | 0 | 4 | |a 069.0944 |b GUI |2 21 |
| 245 | 1 | 0 | |a Guide to the museums of Paris and suburbs: departments of Paris, Hauts-de-Seine, Seine-Saint-Denis, Val-de-Marne |
| 250 | |a 1a. ed | ||
| 300 | |a 333 p | ||
| 942 | |c BK | ||
| 945 | |d 20141107 12:15:00 |a dcastane | ||
| 260 | |a París |b Hachette |c 1979 | ||
| 650 | 0 | |a Museos |9 269209 | |
| 650 | 7 | |a MUSEOS NACIONALES |2 CL-VaPUC |9 577210 | |
| 650 | 7 | |a GALERIAS DE ARTE |2 CL-VaPUC |9 577211 | |
| 651 | 0 | |a Francia |9 255157 | |
| 583 | |a last modification |c 20141107 12:15:00 |k Rodrigo Vera | ||
| 490 | 0 | |a Les Guides Bleus | |
| 999 | |c 357533 |d 357531 | ||
| 952 | |0 0 |1 0 |3 erb |4 0 |6 069_094400000000000_GUI_1979 |7 0 |8 X |9 465557 |a FDOBUD |b FDOBUD |i 5106761 |o 069.0944 GUI 1979 |p 5106761 |r 2019-11-23 |w 2019-11-23 |y BK_X |z Catalogado en:20141107 |k BUD | ||